000 00502nam a22001695i 4500
001 54093
003 ES-MaACL
005 20230906162909.0
007 t|
008 960710s1882 fr ||||1| fre d
040 _aCAM
_bspa
_cCAM
100 1 _aLa Ferrière, Hector de.
_969145
245 1 4 _aLes projects de mariage de la Reine Elisabeth
_b: par H. de La Ferrière.
260 _aParis :
_bCalmann Lévy,
_c1882 (
_fImp. P. Mouillot)
300 _a[4], 288 p. ;
_c18 cm.
852 _aES-MaACL
_jG-8040
999 _c54093
_d54093